Psychology Match-Up Quiz Stats

Quiz Updated Oct 1, 2017

Challenge
Share
Tweet
Score 0/20 Timer 04:00
2 Plays Today
% Correct
bipolar
96.6%
central nervous
95%
Ivan
91.4%
defense
88.4%
bulimia
87.4%
Type
87.2%
Rorschach
86.3%
critical
84.2%
hierarchy
83.4%
conditioned
82.5%
% Correct
self
80.1%
B.F.
79%
William
77.4%
Margaret Floy
74.4%
classical
67.9%
locus
57.9%
parallel
55.3%
Broca's
54.4%
crystallized
35.4%
perceptual
27.2%

You're not logged in!

Compare scores with friends on all Sporcle quizzes.
Sign Up with Email
OR
Log In

You Might Also Like...

Show Comments

Extras

Top Quizzes Today


Score Distribution

Your Account Isn't Verified!

In order to create a playlist on Sporcle, you need to verify the email address you used during registration. Go to your Sporcle Settings to finish the process.

Report this User

Report this user for behavior that violates our Community Guidelines.

Details: